000 00664nam a2200253Ia 4500
003 OSt
005 20221006143843.0
006 a|||||r|||| 00| 0
007 ta
008 221006b |||||||| |||| 00| 0 eng d
020 _c150.00
024 _a10,187
037 _cTextual
040 _aEASL
_cEASL
_beng
041 _2eng
_aeng
082 _aWx,54, L9
100 _aNAIK J A Ed.
245 0 _aIndian politics
_b Documents, events and figures 1979
260 _aKolhapur
_bAvinash Reference Publications
_c1979
300 _a320p.
_ccm.
490 _v Oth
942 _hWx,54, L9
_cTEXL
_2CC
999 _c1078273
_d1078273